| 000 | 01077nam a22003377a 4500 | ||
|---|---|---|---|
| 999 |
_c773 _d773 |
||
| 001 | 002023 | ||
| 003 | CoMeUDC002023 | ||
| 005 | 20190115234223.0 | ||
| 008 | 090312s2007 ck b 001 0 spa | ||
| 010 | _a 2009423244 | ||
| 020 | _a9789587112771 (obra completa) | ||
| 020 | _a9789587112788 (t. 1) | ||
| 020 | _a9789587112795 (t. 2) | ||
| 035 | _a(BO-CbLA)la0903L3541 | ||
| 040 |
_aDLC _cCoMeUDC |
||
| 043 | _as-ck--- | ||
| 050 | 0 | 0 |
_aKHH2579 _b.C374 2007 |
| 082 |
_a347.05 _bC268m |
||
| 100 | 1 | _aCardona Galeano, Pedro Pablo. | |
| 245 | 1 | 0 |
_aManual de derecho procesal civil / _cPedro Pablo Cardona Galeano. |
| 260 |
_aBogotá, D.C. : _bLeyer, _c[2007] |
||
| 300 |
_a2 v. ; _c25 cm. |
||
| 500 | _aTomo 1: 5. ed.; t. 2: 6. ed. | ||
| 504 | _aIncludes bibliographical references and indexes. | ||
| 505 | 0 | _at. 1. Parte general. -- t. 2. Parte especial. | |
| 650 | 0 |
_aProceso civil. _zColombia. _91105 |
|
| 650 | 0 |
_aDerecho procesal. _91106 |
|
| 906 |
_a7 _bcbc _corigres _d2 _encip _f20 _gy-gencatlg |
||
| 942 |
_2ddc _cBK |
||